| 000 | 00913nam a22002177a 4500 | ||
|---|---|---|---|
| 005 | 20210325205514.0 | ||
| 008 | s2554 th tha d | ||
| 020 | _a9786167242125 | ||
| 041 | _atha | ||
| 090 | _aKT43 ส284ก 2554 | ||
| 100 | 0 | _aสมศักดิ์ เอี่ยมพลับใหญ่ | |
| 245 | 1 | 0 | _aเกร็ดกฎหมาย วิ.อาญา [8th] |
| 260 | 3 |
_aกรุงเทพฯ : _bบัณฑิตอักษร, _c2554 |
|
| 300 |
_a391 หน้า : _b แผนภูมิ ; _c 26 ซม. |
||
| 650 | 0 | 4 | _aกฎหมายวิธีพิจารณาความอาญา |
| 850 | _aNALT | ||
| 942 | _cLB | ||
| 997 |
_a39052 ฉ.1 / 39053 ฉ.2 _kVC |
||
| 997 | _c000000000063685 | ||
| 998 | _aนางสาวเบญจลักษณ์ สุทธิวิไล | ||
| 999 |
_c63685 _d63685 |
||